000 00760nam a2200205 a 4500
001 000043301
003 DO-SdBNP
005 20250207141858.0
007 ta
008 140304s 2011 dr 000 0 spa d
040 _aDO-SdBNP
_bspa
_cBNPHU
100 1 _aRosario, Jerson del
_970943
245 1 3 _aLa formación de un pensamiento político nacionalista "Juan Bosch" /
_cJerson del Rosario.
260 _aSanto Domingo :
_bMESCyT,
_c2011.
300 _a31 p. ;
_c24 cm.
504 _aBibliografía : p. 31
504 _aIncluye referencias bibliográficas y notas al pie de las páginas
710 _aMinisterio de Educación Superior,Ciencia y Tecnogía (República Dominicana)
_bMinisterio de Educación Superior, Ciencia y Tecnogía,
_964263
942 _2ddc
_cLBS1
999 _c42790
_d42790